1628 1329 1240 1542 1636 1619 1542 1147 1444 1724 1592 1448 1074 1955 1235 1656 1533 1212 1086 1433 1038 1297 1551 1988 1269 1984 1442 1804 1652 1523 1907 1751 1163 1213 1717 1972 1699 1335 1713 1245 1034 1845 1660 1993 1406 1198 1694 1753 1912 1106 1612 1383 1347 1561 1041 1043 1034 1552 1535 1006 1059 1253 1154 1611 1973 1695 1796 1895 1797 1203 1261 1915 1134 1992 1010 1610 1202 1824 1870 1423 1152 1426 1195 1091 1777 1832 1542 1335 1212 1345 1323 1292 1819 1883 1551 1530 1424 1652 1277 BCNSPRNW ULIB Ver.6.0+V

เปลี่ยนเป็นภาษาไทย

Change to English
 แสดงรายละเอียดบรรณานุกรม
  กลับหน้าหลัก

Brief Record : Get Marc (ISO 2709) : E-mail record : QR code < ปิดหน้าต่าง
LEADER : 00000nam 2200000uu 4500
001    13399122080
003     ULIB
008    020711s2544 th a 000 0 tha d
020    9746520075
060    WJ300^bศ683ก
100    ศุภชัย ฐิติอาชากุล
245    การล้างไตทางช่องท้อง ^b= Peritcal Dialysis Practical and Update /^cศุภชัย ฐิติอาชากุล
260    กรุงเทพฯ :^bมหาวิทยาลัยธรรมศาสตร์,^c2544
650    การล้างไต
945    ^p0^l0^i10924
945    ^p0^l0^i10925
945    ^p0^l0^i10926
999    ^aทศพร เกษรทอง
รายการนี้ยังไม่มีแท็ก
คุณยังไม่ได้ล็อกอิน คุณสามารถมีกิจกรรมร่วมกับเว็บไซต์ได้ แต่ต้องล็อกอินก่อน ::
  ล็อกอิน

รายการสื่อสารสนเทศ

ลำดับที่ ประเภท เลขเรียก/บาร์โค้ด สถานที่ สถานะ
1. วิทยาศาสตร์การแพทย์ และสุขภาพ
วิทยาศาสตร์การแพทย์ และสุขภาพ
WJ300 ศ683ก ฉ.1 
  Barcode: 10924
ห้องสมุดวิทยาเขตสวรรค์ประชารักษ์
►หนังสือทั่วไป
บนชั้น
2. วิทยาศาสตร์การแพทย์ และสุขภาพ
วิทยาศาสตร์การแพทย์ และสุขภาพ
WJ300 ศ683ก ฉ.2 
  Barcode: 10925
ห้องสมุดวิทยาเขตสวรรค์ประชารักษ์
►หนังสือทั่วไป
บนชั้น
3. วิทยาศาสตร์การแพทย์ และสุขภาพ
วิทยาศาสตร์การแพทย์ และสุขภาพ
WJ300 ศ683ก ฉ.3 
  Barcode: 10926
ห้องสมุดวิทยาเขตสวรรค์ประชารักษ์
►หนังสือทั่วไป
บนชั้น

รายการใกล้เคียง
    หัวเรื่อง [การล้างไต]

BibComment


ยังไม่เคยถูกคอมเมนท์

คอมเมนท์ทรัพยากรรายการนี้
  คอมเมนท์: การล้างไตทางช่องท..


 Copyright 2026. Bcnsprnw @Library